Fortnite Winners fncs (Chapitre 1 à 4) - Statistiques

Statistiques générales
  • Ce quiz a été pris 668 fois
  • Le résultat moyen est 28 sur 126
Statistiques - réponses
Hint Réponse % Correct
C2S4 (Trios) Mongraal
85%
C2S8 (Trios) | C3S1 (Duos) | Grand Royale 2021 Bugha
72%
C2S2 (Duos) Andilex
67%
Grand Royale 2021 Tayson
67%
All-Star Showdown | C2S3( Solo) | C2S4 (Trios) | C4S1 (Duos) Tayson
67%
C2S2 (Duos) Nayte
65%
C2S4 (Trios) | C2S6 (Trios) | C2S8 (Trios) | +3 others Mero
64%
C3S2 (Duos) | C4S2 (Duos) Veno
60%
C2S8 (Trios) | Invitational 2022 Kami
59%
C2S8 (Trios) | Invitational 2022 Setty
58%
C2S3( Solo) Coop
56%
C4S1 (Duos) Merstach
56%
C2S6 (Trios) | C3S1 (Duos) | C4S2 (Duos) Queasy
53%
Global Championship Cooper
51%
C2S4 (Trios) Mitro
50%
C3S2 (Duos) Peterbot
45%
C1SX (Trios) | C3S2 (Duos) Aqua
40%
C2S5 (Trios) | C3S3 (Duos) | FNCS: Invitational Jannisz
37%
C4S3 (Duos) Swizzy
34%
C3S3 (Duos) Vadeal
31%
C2S2 (Duos) | C2S4 (Trios) | C2S5 (Trios) | +3 others EpikWhale
25%
C2S5 (Trios) | C3S1 (Duos) | Grand Royale 2021 Hen
24%
C2S5 (Trios) | Grand Royale 2021 Chapix
21%
C4S3 (Duos) Putrick
21%
C2S6 (Trios) Trulex
20%
C4S3 (Duos) Khanada
19%
C4S1 (Duos) Cold
18%
C1SX (Trios) Stompy
18%
C2S8 (Trios) Teeq
18%
C2S5 (Trios) | C4S1 (Duos) Acorn
15%
C2S8 (Trios) | Grand Royale 2021 Reet
12%
C4S3 (Duos) Ajerss
11%
C2S8 (Trios) Muz
10%
C2S7 (Trios) Toose
10%
C2S1 (Squads) Ronaldo
9%
C2S6 (Trios) Jur3ky
7%
C2S7 (Trios) Kiryache
7%
C3S2 (Duos) Bylah
5%
C2S4 (Trios) | C2S6 (Trios) Deyy
5%
C2S1 (Squads) RedRush
5%
C1SX (Trios) Tschinken
5%
C2S4 (Trios) | C2S5 (Trios) | C2S6 (Trios) | +3 others Arkhram
4%
C4S1 (Duos) Boltz
4%
C2S7 (Trios) | C4S2 (Duos) | Grand Royale 2021 Dukez
4%
C2S2 (Duos) Saf
4%
C2S1 (Squads) Unknown
4%
C2S1 (Squads) Wakie
4%
C2S2 (Duos) Zayt
4%
C2S1 (Squads) Znappy
4%
C4S2 (Duos) Edgey
3%
C1SX (Trios) MackWood
3%
C2S1 (Squads) | C3S3 (Duos) Avery
2%
C3S3 (Duos) Commandment
2%
C2S2 (Duos) | C2S4 (Trios) | C2S5 (Trios) | +2 others rehx
2%
C2S4 (Trios) | C2S6 (Trios) Reverse2k
2%
C2S7 (Trios) Stormrite
2%
C1SX (Trios) ZexRow
2%
C2S8 (Trios) | C3S1 (Duos) | C3S2 (Duos) favs
1%
FNCS: Invitational Furious
1%
C2S5 (Trios) Jahq
1%
C2S7 (Trios) Justice
1%
C2S1 (Squads) KEZ
1%
All-Star Showdown PaMstou
1%
All-Star Showdown Riversan
1%
C2S5 (Trios) Slackes
1%
C2S8 (Trios) | C3S1 (Duos) | C3S2 (Duos) Snacky
1%
C4S1 (Duos) Thor
1%
C2S7 (Trios) Userz
1%
C2S3( Solo) verT
1%
C1SX (Trios) yung calculator
1%
C1SX (Trios) buubee
0%
C1SX (Trios) Dog
0%
C2S1 (Squads) Domo
0%
C2S1 (Squads) Drobblan
0%
C1SX (Trios) jayrosez
0%
C3S3 (Duos) Kewl
0%
C2S1 (Squads) Kyzui
0%
C2S1 (Squads) Sogys
0%
C2S1 (Squads) Vicaros
0%
C3S3 (Duos) Yumi
0%
Aucun quiz correspondant
Distribution des résultats
% des personnes avec chaque résultat
Percentile par nombre de réponses
Votre historique - résultats
Vous n’avez pas pris ce quiz